Wszystkie ulice w Sanoku - Statystyki

Ogólne statystyki
  • Ten quiz został rozwiązany 51 razy
  • Średni wynik to 52 z 336
Statystyki odpowiedzi
Odpowiedź % Poprawnych
ul. Reymonta S.
91%
ul. Krakowska
69%
ul. Plac św. Jana
69%
ul. Adama Mickiewicza
63%
ul. Jana Pawła II
56%
ul. Kościuszki
56%
ul. Przemyska
56%
ul. Kazimierza Lipińskiego
53%
ul. Sadowa
53%
ul. Henryka Sienkiewicza
47%
ul. Jagiellońska
47%
ul. Jana III Sobieskiego
47%
ul. Królowej Bony
47%
ul. Cegielniana
44%
ul. Romualda Traugutta
44%
ul. Stróżowska
44%
ul. Dworcowa
41%
ul. Juliusza Słowackiego
41%
ul. Robotnicza
41%
ul. Zamkowa
41%
ul. 3 Maja
38%
ul. Grzegorza z Sanoka
38%
ul. Romana Dmowskiego
38%
ul. 1000-lecia
34%
ul. 800-lecia
34%
ul. Bartosza Głowackiego
34%
ul. Daszyńskiego
34%
ul. Lwowska
34%
ul. Rymanowska
34%
ul. Sanocka
34%
ul. Armii Krajowej
31%
ul. Kiczury
31%
ul. Marszałka Józefa Piłsudskiego
31%
ul. Ogrodowa
31%
ul. Prosta
31%
ul. Żwirki i Wigury
31%
ul. Adama Asnyka
28%
ul. Biała Góra
28%
ul. Cerkiewna
28%
ul. Chrobrego
28%
ul. Jarosława Iwaszkiewicza
28%
ul. J. Kochanowskiego
28%
ul. Krótka
28%
ul. Ks. Stanisława Konarskiego
28%
ul. Mała
28%
ul. Marii Konopnickiej
28%
ul. Mateusza Beksińskiego
28%
ul. Stefana Batorego
28%
ul. Szklana
28%
ul. Aleja Wojska Polskiego
25%
ul. Bieszczadzka
25%
ul. Cicha
25%
ul. Kazimierza Wielkiego
25%
ul. Krzywa
25%
ul. Kwiatowa
25%
ul. Matejki
25%
ul. Płowiecka
25%
ul. Podgórze
25%
ul. Polna
25%
ul. Poprzeczna
25%
ul. Sanowa
25%
ul. Stawiska
25%
ul. Szopena
25%
ul. Wąska
25%
ul. Wilcza
25%
ul. Zielona
25%
ul. Żołnierzy I Armii Wojska Polskiego
25%
ul. Emilii Plater
22%
ul. Feliksa Gieli
22%
ul. gen. Leopolda Okulickiego
22%
ul. Jana Heweliusza
22%
ul. Lenartowicza
22%
ul. Leśna
22%
ul. Mieszka I
22%
ul. Mikołaja Kopernika
22%
ul. Zagrody
22%
ul. Żydowska
22%
ul. Aleja gen. Bronisława Prugara-Ketlinga
19%
ul. Białogórska
19%
ul. Błonie
19%
ul. Boczna
19%
ul. Bolesława Prusa
19%
ul. Cmentarna
19%
ul. Czysta
19%
ul. Elizy Orzeszkowej
19%
ul. Gen. Józefa Bema
19%
ul. Jasna
19%
ul. Kolejowa
19%
ul. Kościelna
19%
ul. Langiewicza
19%
ul. Macieja Kluski
19%
ul. Malinowa
19%
ul. Parkowa
19%
ul. Piastowska
19%
ul. Piękna
19%
ul. Rysia
19%
ul. Stanisława Staszica
19%
ul. Szkolna
19%
ul. Ustrzycka
19%
ul. Wolna
19%
ul. Akacjowa
16%
ul. Aleja Solidarności
16%
ul. Batalionów Chłopskich
16%
ul. Berka Joselewicza
16%
ul. Franciszkańska
16%
ul. Gajowa
16%
ul. gen. Władysława Sikorskiego
16%
ul. Górna
16%
ul. Jagodowa
16%
ul. J. Jasińskiego
16%
ul. Kolorowa
16%
ul. Królowej Jadwigi
16%
ul. ks. Zygmunta Gorazdowskiego
16%
ul. Łany
16%
ul. Leszka Kawczyńskiego
16%
ul. Lipowa
16%
ul. Nowa
16%
ul. Olchowiecka
16%
ul. Plac św. Michała
16%
ul. Słoneczna
16%
ul. Śniegowa
16%
ul. Sowia
16%
ul. Środkowa
16%
ul. Stanisława Witkiewicza
16%
ul. Stara
16%
ul. Stefana Okrzei
16%
ul. Wałowa
16%
ul. Warzywna
16%
ul. Wesoła
16%
ul. Wincentego Witosa
16%
ul. Wiosenna
16%
ul. Zagłoby
16%
ul. Zagórska
16%
ul. Z. Sierakowskiego
16%
ul. Zygmunta Krasińskiego
16%
ul. Bolesława Leśmiana
13%
ul. Bracka
13%
ul. Cypriana Kamila Norwida
13%
ul. Działkowa
13%
ul. Franciszka Prochaski
13%
ul. Głogowa
13%
ul. Grunwaldzka
13%
ul. Hugona Kołłątaja
13%
ul. Jesienna
13%
ul. Jodłowa
13%
ul. Kamienna
13%
ul. ks. Prałata Adama Sudoła
13%
ul. Leopolda Staffa
13%
ul. Letnia
13%
ul. Macieja Rataja
13%
ul. Maków
13%
ul. Małopolska
13%
ul. Mazowiecka
13%
ul. Młynarska
13%
ul. Okołowiczówka
13%
ul. Osiedle
13%
ul. Pawia
13%
ul. Pogodna
13%
ul. Pszenna
13%
ul. Rycerska
13%
ul. Sąsiedzka
13%
ul. Sienna
13%
ul. Sokoła
13%
ul. Sosnowa
13%
ul. Stawowa
13%
ul. Strażacka
13%
ul. Świerkowa
13%
ul. Świętojańska
13%
ul. Targowa
13%
ul. Tetmajera
13%
ul. Topolowa
13%
ul. Turystyczna
13%
ul. Urocza
13%
ul. Wichrowa
13%
ul. Widokowa
13%
ul. Winna
13%
ul. Władysława Jagiełły
13%
ul. Wyspiańskiego
13%
ul. Zagumna
13%
ul. Zielna
13%
ul. 2 Pułku Strzelców Podhalańskich
9%
ul. Adama Fastnachta
9%
ul. Aleja Najświętszej Marii Panny
9%
ul. Aleksandra Mniszek-Tchorznickiego
9%
ul. Aleksandra Rybickiego
9%
ul. Andrzeja Struga
9%
ul. Bliska
9%
ul. Brzozowa
9%
ul. Chełmońskiego
9%
ul. Ciepła
9%
ul. Deszczowa
9%
ul. dr Kazimierza Niedzielskiego
9%
ul. dr. Zigmunda
9%
ul. Gabrieli Zapolskiej
9%
ul. Gołębia
9%
ul. Graniczna
9%
ul. Jabłoni
9%
ul. Jana Brzechwy
9%
ul. Jana Kasprowicza
9%
ul. Jaśminowa
9%
ul. Jezierskiego
9%
ul. Józefa Stachowicza
9%
ul. Karola Kenara
9%
ul. Kasprzaka
9%
ul. Krucza
9%
ul. Ks. Antoniego Wołka
9%
ul. Ludwika Zamenhofa
9%
ul. Mazurska
9%
ul. Międzybrodzka
9%
ul. Modrzewiowa
9%
ul. Mokra
9%
ul. M. Reja
9%
ul. Opłotki
9%
ul. Podlaska
9%
ul. Pod Skałą
9%
ul. Poetycka
9%
ul. Południowa
9%
ul. Pomorska
9%
ul. Rolna
9%
ul. Rybacka
9%
ul. Rzemieślnicza
9%
ul. Schody Zamkowe
9%
ul. Sielska
9%
ul. Śląska
9%
ul. Śliwowa
9%
ul. Spokojna
9%
ul. Stefana Żeromskiego
9%
ul. Stolarska
9%
ul. Sucha
9%
ul. Wiejska
9%
ul. Wierzbowa
9%
ul. Wincentego Pola
9%
ul. Wiśniowa
9%
ul. Władysława Łokietka
9%
ul. Władysława Szafera
9%
ul. Wschodnia
9%
ul. Wspólna
9%
ul. Zgodna
9%
ul. Zofii Skołozdro
9%
ul. Adama Didura
6%
ul. Adama Krzyżanowskiego
6%
ul. Aleja Szwajcarii
6%
ul. Aleksandra Fredry
6%
ul. Bluszczowa
6%
ul. Ceramiczna
6%
ul. Chabrów
6%
ul. Czesława Miłosza
6%
ul. Dąbrowiecka
6%
ul. dr. Jordana
6%
ul. Dworska
6%
ul. Edwarda Dembowskiego
6%
ul. Franciszka Stefczyka
6%
ul. Gałczyńskiego
6%
ul. Glinice
6%
ul. Goslara
6%
ul. Henryka Stankiewicza
6%
ul. Hetmańska
6%
ul. Jakuba Bojko
6%
ul. Jana Grodka
6%
ul. Jana Stapińskiego
6%
ul. Jana Wiktora
6%
ul. Jarzębinowa
6%
ul. Karola Lewakowskiego
6%
ul. Karola Pollaka
6%
ul. Karpacka
6%
ul. Kasztelańska
6%
ul. Kawaleryjska
6%
ul. Kazimierza Wyki
6%
ul. Kmicica
6%
ul. Kółkowa
6%
ul. Korczaka
6%
ul. Kosynierów
6%
ul. księdza Antoniego Szypuły
6%
ul. Kujawska
6%
ul. Łączna
6%
ul. Łazienna
6%
ul. Legionów Polskich
6%
ul. Maksymiliana Słuszkiewicza
6%
ul. Marii Dąbrowskiej
6%
ul. Melchiora Wańkowicza
6%
ul. Michała Drzymały
6%
ul. Mostowa
6%
ul. Murarska
6%
ul. Narożna
6%
ul. Nastrojowa
6%
ul. Niecała
6%
ul. Okrężna
6%
ul. Orzechowa
6%
ul. Oskara Kolberga
6%
ul. Podmiejska
6%
ul. Porcelanowa
6%
ul. Poziomkowa
6%
ul. ppor. Mariana Zaremby
6%
ul. Przodowników
6%
ul. Przytulna
6%
ul. Ruciana
6%
ul. Rumiankowa
6%
ul. Schody Franciszkańskie
6%
ul. Słowicza
6%
ul. Spacerowa
6%
ul. Stanisława Pigonia
6%
ul. Szczudliki
6%
ul. Szewska
6%
ul. Tuwima
6%
ul. Witolda Pileckiego
6%
ul. Władysława Lisowskiego
6%
ul. Wodna
6%
ul. Wylotowa
6%
ul. Zacisze
6%
ul. Zagumienna
6%
ul. Za Potokiem
6%
ul. Zofii Nałkowskiej
6%
ul. Z. Padlewskiego
6%
ul. Żurawia
6%
pl. Bulwar Sybiraków
3%
ul. Adama Pytla
3%
ul. Domowa
3%
ul. dr. Karola Zaleskiego
3%
ul. Jastrzębia
3%
ul. Kalinowa
3%
ul. Kilińskiego
3%
ul. Krzysztofa Kamila Baczyńskiego
3%
ul. ks. Stanisława Stojałowskiego
3%
ul. Łąkowa
3%
ul. Liliowa
3%
ul. Malownicza
3%
ul. Naftowa
3%
ul. Przelotowa
3%
ul. Schody Balowskie
3%
ul. Serpentyny
3%
ul. Sudecka
3%
ul. Ustronie
3%
ul. Komunalna
0%
ul. Leszczynowa
0%
ul. Władysława Broniewskiego
0%
ul. Zygmunta Kaczkowskiego
0%
Nie znaleziono quizów pasujących do podanych kryteriów
Rozkład punktacji
Procent ludzi z każdym wynikiem
Percentyl według liczby udzielonych odpowiedzi
Twoja historia wyników
Nie rozwiązałeś tego quizu